Miss Fesztivál
Elmentve itt :
| Szerző: | |
|---|---|
| Dokumentumtípus: | Cikk |
| Megjelent: |
1964-08-11
|
| Sorozat: | Délmagyarország
54 No. 187 |
| Kulcsszavak: | Szabó Adél, Szépségverseny Szeged 1964, idegenforgalom |
| Online Access: | http://dmarchiv.bibl.u-szeged.hu/70615 |
| LEADER | 00479nab a2200157 i 4500 | ||
|---|---|---|---|
| 001 | delm70615 | ||
| 005 | 20180928082420.0 | ||
| 008 | 180928s1964 hu o 0|| hun d | ||
| 040 | |a SZTE Délmagyarország Archívum |b hun | ||
| 041 | |a hun | ||
| 100 | 1 | |a Kovács Attila | |
| 245 | 1 | 0 | |a Miss Fesztivál |h [elektronikus dokumentum] / |c Kovács Attila |
| 260 | |c 1964-08-11 | ||
| 300 | |a 6 | ||
| 490 | 0 | |a Délmagyarország |v 54 No. 187 | |
| 695 | |a Szabó Adél, Szépségverseny Szeged 1964, idegenforgalom | ||